01657nam a2200373 a 4500001001000000003000500010005001700015008004100032010001100073011001100084040000900095090001000104100004600114245016600160260004200326500006000368502011800428590004100546590004100587590004000628590004000668590004000708650002600748650004300774650003900817650004000856856007000896901000700966942001000973942000600983999001900989952013501008952014001143000108680CHAP20220329144020.0140304s2012 mx a sm |||||||spa d a105142 a106114 cCHAP aTesis1 aJiménez Carrasco, Juan Salvador912571810aComparación de evaluaciones genéticas nacionales para bovinos jersey usados en México y otros paísesh[En línea]cpor Juan Salvador Jiménez Carrasco. aChapingo, Méx. :bEl autor.,c2012. aPara ver el contenido del material haga clic en la liga aTesis (Ing. Agr. Esp. en Zootecnia) -- UACH. Departamento de Enseñanza, Investigación y servicio en Zootecnia aBATCH-UPDb05c20140324lUCH01h1536 aBATCH-UPDb05c20141002lUCH01h0857 aE5652GLJb05c20140304lUCH01h0930 aE5652GLJb05c20140304lUCH01h0930 aE5652GLJb05c20141029lUCH01h110614aGanado Jersey.94514914aGanado lecheroxAlimentación.94523814aGanado lecheroxGenética.94526714aGanado lecheroxNutrición.945281 aFinding aiduhttp://10.13.5.2/tesis/sist108680.pdfzTeclea aquí aBK cTESIS n0 c105142d105142 00102local4051708TESISaBCbBCcPA_TESISd2014-03-04fTESISl0oTesisp33724002353743r2019-12-31 00:00:00w2014-03-04yTESIS 00102local4053708TESISaBCbBCcPA_TESISd2014-03-04fTESISl0oTesisp33724002353785r2019-12-31 00:00:00tc.2w2019-12-31yTESIS